<?xml version="1.0" encoding="UTF-8"?>
<record
    xmlns:xsi="http://www.w3.org/2001/XMLSchema-instance"
    xsi:schemaLocation="http://www.loc.gov/MARC21/slim http://www.loc.gov/standards/marcxml/schema/MARC21slim.xsd"
    xmlns="http://www.loc.gov/MARC21/slim">

  <leader>01145    a2200181   4500</leader>
  <controlfield tag="003">Nust</controlfield>
  <controlfield tag="005">20230202132726.0</controlfield>
  <datafield tag="040" ind1=" " ind2=" ">
    <subfield code="c">Nust</subfield>
  </datafield>
  <datafield tag="082" ind1=" " ind2=" ">
    <subfield code="a">925.397,MAL</subfield>
  </datafield>
  <datafield tag="100" ind1=" " ind2=" ">
    <subfield code="a">Malik, Zahid</subfield>
    <subfield code="9">104574</subfield>
  </datafield>
  <datafield tag="245" ind1=" " ind2=" ">
    <subfield code="a">Dr. A.Q.Khan and the Islamic bomb / </subfield>
    <subfield code="c">Zahid Malik,</subfield>
  </datafield>
  <datafield tag="260" ind1=" " ind2=" ">
    <subfield code="a">Hurmat Publication Ltd</subfield>
    <subfield code="b">Islamabad</subfield>
    <subfield code="c">1992</subfield>
  </datafield>
  <datafield tag="300" ind1=" " ind2=" ">
    <subfield code="a">iv, 353 p</subfield>
    <subfield code="b">illus</subfield>
    <subfield code="c">digars</subfield>
    <subfield code="e">24 cm</subfield>
  </datafield>
  <datafield tag="505" ind1=" " ind2=" ">
    <subfield code="a">Overview (Page-1), The Ma From Nowhere (Page-14), Family Background (Page-18), Childhood And Basic Education (Page-38), Migration To Pakistan (Page-44), Employment I Europe (Page-52), Meeting With Mr. Bhutto (Page-58),  Kahuta Plant (Page-64), The Story Of The Miracle (Page-73), A Decade Of Munir Atom Bomb (Page-90), Pakistan Energy Commission  (Page-100), The Nuclear Program (Page-121), American Policy (Page-138),The Reprocessing Plant (Page-160),Trial Of Holland (Page-183), Clemency Appeal For Mr. Bhutto (Page-204), Kuldip Nayar (Page-227), Pakistan Nuclear (Page-231), Options For Pakistan (Page-248), Interview  (Page-258),Tribute (Page-264).</subfield>
  </datafield>
  <datafield tag="600" ind1=" " ind2=" ">
    <subfield code="a">Malik, Zahid</subfield>
    <subfield code="9">104574</subfield>
  </datafield>
  <datafield tag="650" ind1=" " ind2=" ">
    <subfield code="a">Scienth Bigoraphy</subfield>
    <subfield code="9">108511</subfield>
  </datafield>
  <datafield tag="942" ind1=" " ind2=" ">
    <subfield code="2">ddc</subfield>
    <subfield code="c">BK</subfield>
    <subfield code="k">925.397,MAL</subfield>
  </datafield>
  <datafield tag="999" ind1=" " ind2=" ">
    <subfield code="c">187397</subfield>
    <subfield code="d">187397</subfield>
  </datafield>
  <datafield tag="952" ind1=" " ind2=" ">
    <subfield code="0">0</subfield>
    <subfield code="1">0</subfield>
    <subfield code="2">ddc</subfield>
    <subfield code="4">0</subfield>
    <subfield code="7">0</subfield>
    <subfield code="8">NFIC</subfield>
    <subfield code="a">MCS</subfield>
    <subfield code="b">MCS</subfield>
    <subfield code="d">2016-12-12</subfield>
    <subfield code="l">1</subfield>
    <subfield code="o">925.397  MAL</subfield>
    <subfield code="p">MCS1993</subfield>
    <subfield code="r">2023-12-20</subfield>
    <subfield code="s">2023-11-21</subfield>
    <subfield code="w">2016-12-12</subfield>
    <subfield code="y">BK</subfield>
  </datafield>
</record>
